Reglamento y clasificación de los productos para la exposición regional de agricultura, industria y minería : que se ha de celebrar en la ciudad de Palencia durante los días 30 de agosto al 8 de septiembre inclusives que se ha de celebrar en la ciudad de Palencia durante los días 30 de agosto al 8 de septiembre inclusives

Publicado: Palencia : (Imp. Abundio Z. Menéndez) , 1903
Descripción Física: 16 p. ; 23 cm

MARC

LEADER 00000nam a2200000Ia 4500
001 15855
003 BGR
005 20260410113714.0
008 160829s1903 xx 000 0 cat d
080 |a RF-12-28 
111 |a Exposición Regional de Agricultura, Industria y Minería   |9 70874  |c (Palencia :  |d 1903) 
245 |a Reglamento y clasificación de los productos para la exposición regional de agricultura, industria y minería :  |b  que se ha de celebrar en la ciudad de Palencia durante los días 30 de agosto al 8 de septiembre inclusives 
260 |a Palencia :  |b (Imp. Abundio Z. Menéndez),  |c 1903 
300 |a 16 p. ;  |c 23 cm 
590 |a A la coberta apareix el títol: Exposición regional de agricultura, industria y minería. Palencia.  
590 |a Prové de 4210, exp. 3. 
650 |a Exposicions  |x Palencia  |x 1903  |x Normes   |9 46903 
650 |a Agricultura  |x Normes   |9 46904 
650 |a Indústria  |x Normes I  |9 46905 
650 |a Mines  |x Normes  |9 46906 
856 4 |u https://media.diba.cat/diba/fitxers/arxiu/fulletons/bib_15855_1903_baixa.pdf  |y Accés lliure 
856 4 |u https://media.diba.cat/diba/fitxers/arxiu/fulletons/bib_15855_1903_baixa.pdf  |y Accés lliure 
900 |a bib_15855_1903_baixa.pdf 
901 |a Arxiu 
942 |n 1  |2 udc  |c MON 
952 |0 0  |1 0  |4 0  |6 RF1228  |7 1  |9 53518  |a Arxiu  |b Arxiu  |d 2016-12-01  |l 0  |o RF-12-28  |p 15855  |r 2016-12-01 00:00:00  |w 2016-12-01  |y ARXIU 
999 |c 57384  |d 57384